Datum a čas kvízu
36
Celkem bodů
Celkový počet nahraných bodů na tomto kvízu bez doplňovacích otázek.
2.
Pořadí na kvízu
Konečné umístění týmu na tomto kvízu.
Zaznamenané odpovědi
| # | Otázka | Odpověď | Body | Výsledky |
|---|---|---|---|---|
| 1. | Minulý týden tisk informoval o... | velomobil | 0 | |
| 2. | Že USA společně s Izraelem zaú... | C | 1 | |
| 3. | Ve kterém městě v severozápadn... | v Manchesteru | 1 | |
| 4. | V pátek byla oznámena fúze dvo... | Paramount (Skydance), Warner Bros. (Discovery) | 0.5 | |
| 5. | Hokejový klub Dynamo Pardubice... | B | 1 | |
| 6. | Zatímco v českých atlasech ten... | Iberové | 1 | |
| 7. | Vyberte správné tvrzení týkají... | B | 0 | |
| 8. | Červeně vyznačená oblast na se... | Baskicko, Bilbao | 1 | |
| 9. | Jak se jmenuje portugalský mys... | C | 1 | |
| 10. | Poslední otázka se týká města... | Porto | 1 |